Necesidad del fuero sindical en Costa Rica /
Na minha lista:
| Autor principal: | |
|---|---|
| Formato: | Tese |
| Publicado em: |
San José:
s.e.
|
| Tags: |
Adicionar Tag
Sem tags, seja o primeiro a adicionar uma tag!
|
MARC
| LEADER | 00000 a a2200000 04500 | ||
|---|---|---|---|
| 001 | 24603 | ||
| 003 | |||
| 040 | |||
| 090 | |a 16961.00 | ||
| 100 | |a González Muñoz, Antonio | ||
| 245 | |a Necesidad del fuero sindical en Costa Rica / |c Antonio González Muñoz | ||
| 260 | |a San José: |b s.e. | ||
| 300 | |a 191 p | ||
| 502 | |a Tesis (Licenciado en Derecho) -- Universidad de Costa Rica. Facultad de Derecho, 1966 | ||
| 999 | |c 18018 |d 18018 | ||
